• 首页
  • 本馆介绍
  • 公告通知
  • 最新文献
  • 馆藏检索
  • 电子资源
  • 读者导购
  • 参考咨询
  • 我的图书馆
  • 登录
  • 详细信息显示
  • 放入我的书架
  • 预约/预借图书
  • 作者相关作品
  • 分类相关作品
  • 丛书相关作品
  • 出版社相关作品

书目信息

  • 表格格式
  • 工作单格式
  • 卡片格式
题名:
技术信用评估理论与实践
    
 
作者: 施利毅 著
分册:  
出版信息: 北京   经济管理出版社  2020.10
页数: 140页
开本: 24cm
丛书名:
单 册:
中图分类: F062.4
科图分类:
主题词: 技术评估--ji shu ping gu--信用评估
电子资源:
ISBN: 978-7-5096-7311-9
000 00818nam0 2200241 450
001 2159500144
005 20211011172912.0
010    @a978-7-5096-7311-9@dCNY49.00
100    @a20201117d2020 em y0chiy0120 ea
101 0  @achi
102    @aCN@b110000
105    @ay z 000yy
106    @ar
200 1  @a技术信用评估理论与实践@Aji shu xin yong ping gu li lun yu shi jian@f施利毅…[等]著
210    @a北京@c经济管理出版社@d2020.10
215    @a140页@d24cm
304    @a著者还有:梁龙男、金勋式、赵基宪
330    @a本书根据韩国的经验及成果,不仅提出了技术信用评估的基本概念,还对各种具体项目的评估标准、方法和应用提出了具体要求。
606 0  @a技术评估@Aji shu ping gu@x信用评估
690    @aF062.4@v5
701  0 @a施利毅@Ashi li yi@4著
801  0 @aCN@b百万庄@c20211007
905    @b1307563-65@dF062.4@e177@f3
    
    技术信用评估理论与实践/施利毅…[等]著.-北京:经济管理出版社,2020.10
    140页;24cm
    
    
    ISBN 978-7-5096-7311-9:CNY49.00
    本书根据韩国的经验及成果,不仅提出了技术信用评估的基本概念,还对各种具体项目的评估标准、方法和应用提出了具体要求。
●
相关链接 在E读中查询图书 在五车中查询图书 在当当中查询图书 在豆瓣中查询图书


正题名:技术信用评估理论与实践     索取号:F062.4/177         预约/预借

序号 登录号 条形码 馆藏地/架位号 状态 备注
1 1307563   213075633   第一样本阅览室/ [索取号:F062.4/177] 在馆    
2 1307564   213075642   第一借阅区/ [索取号:F062.4/177] 在馆    
3 1307565   213075651   第一借阅区/ [索取号:F062.4/177] 在馆    
唐山师范学院图书馆 欢迎您!
大连网信软件有限公司© 版权所有